[Event "IBM-B"]
[Site "Amsterdam"]
[Date "1976.??.??"]
[Round "2"]
[White "Woodhams, Michael"]
[Black "Hartoch, Robert G"]
[Result "0-1"]
[WhiteElo "2430"]
[BlackElo "2365"]

1.d4 g6 2.e4 Bg7 3.Nc3 d6 4.Nf3 Nf6 5.Be2 O-O 6.O-O Bg4 7.Be3 Nc6 8.Qd2 e5
9.d5 Ne7 10.Rad1 Bxf3 11.Bxf3 Nd7 12.g3 f5 13.Be2 Nf6 14.f3 Qd7 15.Bb5 Qc8
16.Bc4 Kh8 17.a4 Rf7 18.a5 a6 19.Qg2 Nh5 20.Ne2 Qf8 21.Rd3 Bh6 22.Bf2 fxe4
23.fxe4 Nf6 24.h3 Qg7 25.Rb3 Raf8 26.Nc3 g5 27.Rxb7 g4 28.h4 Ng6 29.Bxa6 Nh5
30.Ba7 Rf3 31.Rxf3 gxf3 32.Qh2 Nf6 33.Kf1 Ng4 34.Qg1 Qd7 35.Bb5 Qe7 36.Bf2 Qf6
37.a6 Nxh4 38.gxh4 Qf4 39.Qxg4 Qxg4 40.a7 Qg2+ 41.Ke1 Bd2+ 42.Kxd2 Qxf2+
43.Kc1 Qg1+ 44.Nd1 Kg7 45.Rxc7+ Kf6  0-1

[Event "IBM-B"]
[Site "Amsterdam"]
[Date "1976.??.??"]
[Round "3"]
[White "Tatai, Stefano"]
[Black "Van Baarle, C John"]
[Result "1-0"]
[WhiteElo "2465"]
[BlackElo "2330"]

1.e4 g6 2.d4 Bg7 3.Nc3 d6 4.Be2 c6 5.Nf3 Nf6 6.O-O O-O 7.a4 Qc7 8.Be3 e5
9.dxe5 dxe5 10.a5 Rd8 11.Qb1 Re8 12.Rd1 Bg4 13.Qa2 Bxf3 14.Bxf3 Nbd7 15.Qc4 a6
16.b4 Rac8 17.Rd2 Nf8 18.Rad1 Ne6 19.Na4 h5 20.Bb6 Qe7 21.c3 Bh6 22.Rd3 Bf8
23.Qa2 Nf4 24.R3d2 Ne6 25.Nc5 Nxc5 26.bxc5 Qe6 27.Qa4 Re7 28.Rd6  1-0

[Event "IBM-B"]
[Site "Amsterdam"]
[Date "1976.??.??"]
[Round "5"]
[White "Tatai, Stefano"]
[Black "Eising, Johannes"]
[Result "1/2-1/2"]
[WhiteElo "2465"]
[BlackElo "2400"]

1.d4 g6 2.e4 Bg7 3.Nc3 d6 4.Be2 Nf6 5.Nf3 O-O 6.O-O Nc6 7.Bg5 h6 8.Bh4 Bg4
9.h3 Bxf3 10.Bxf3 Qc8 11.Qd2 Kh7 12.Nb5 a6 13.Na3 e5 14.c3 Ng8 15.Nc2 Bf6
16.Bg3 Nge7 17.Bg4 Qd8 18.f4 exf4 19.Bxf4 Bg7 20.Rae1 Ng8 21.Be2 Nf6 22.Bd3 Qe7
23.Ne3 Nh5 24.Nd5 Qd7 25.Bh2 Ne7 26.Ne3 Rae8 27.Ng4 f5 28.Nf2 Nf6 29.Qc2 Kh8
30.Qb3 c6 31.exf5 Nxf5 32.Bxf5 gxf5 33.Qd1 Rxe1 34.Rxe1 Re8 35.Rxe8+ Nxe8
36.Bf4 Qe6 37.a3 Nf6 38.Qd2 Kh7 39.Kh2 Kg6 40.Qd3 Kf7  1/2-1/2

[Event "Banja Luka"]
[Site "Banja Luka"]
[Date "1976.??.??"]
[Round "2"]
[White "Mihaljcisin, Mihajlo"]
[Black "Hort, Vlastimil"]
[Result "1/2-1/2"]
[WhiteElo "2325"]
[BlackElo "2600"]

1.e4 g6 2.d4 Bg7 3.Nc3 d6 4.Nf3 Nf6 5.Be2 O-O 6.O-O c6 7.a4 a5 8.Be3 Na6
9.h3 Nb4 10.Qd2 Qc7 11.Rfd1 Bd7 12.e5 Nfd5 13.Nxd5 Nxd5 14.Bh6 Rad8 15.c4 Nb4
16.exd6 exd6 17.Bf4 Rfe8 18.c5 Bf8 19.Bc4 Be6 20.Bxe6 Rxe6 21.Ng5 Ree8 22.Re1 Qc8
23.Ne4 Rxe4 24.Rxe4 dxc5 25.Be5 c4 26.Qe2 Nd3 27.Bf6 Rd6 28.Re8 Re6 29.Rxe6 Qxe6
30.Qxe6 fxe6 31.Rb1 Bh6 32.Bd8 Bc1 33.Bxa5 Bxb2 34.Kf1 b5 35.axb5 cxb5 36.Ke2 h5
37.Kd2 Bxd4 38.Rxb5 Nxf2 39.Rb8+ Kf7 40.Rc8 Ne4+ 41.Kc2 c3 42.Rc7+ Kf6 43.Bb4  1/2-1/2

[Event "Beersheba"]
[Site "Beersheba"]
[Date "1976.??.??"]
[Round "4"]
[White "Tatai, Stefano"]
[Black "Kagan, Shimon"]
[Result "1-0"]
[WhiteElo "2465"]
[BlackElo "2430"]

1.e4 g6 2.d4 Bg7 3.Nc3 d6 4.Nf3 a6 5.a4 Bg4 6.Be2 Nc6 7.Be3 Nf6 8.O-O O-O
9.Qd2 Nd7 10.a5 Re8 11.d5 Nce5 12.Nxe5 Nxe5 13.f3 Bc8 14.Na4 e6 15.Nc3 f5
16.f4 Nf7 17.exf5 exf5 18.Bd4 Bd7 19.Bf3 Qe7 20.Bxg7 Kxg7 21.Qd4+ Kg8 22.Rf2 Qe3
23.Qxe3 Rxe3 24.Re2 Rae8 25.Kf2 Rxe2+ 26.Nxe2 Kg7 27.Nd4 Nd8 28.Ra3 c5 29.dxc6 Nxc6
30.Nxc6 Bxc6 31.Rc3 Bxf3 32.Rc7+ Kf6 33.Kxf3 Re7 34.Rxe7 Kxe7 35.Ke3 Kd7
36.Kd4 Kc6 37.c4 b6 38.axb6 Kxb6 39.Kd5 Kc7 40.h4 Kd7 41.h5 gxh5 42.c5 dxc5
43.Kxc5 Ke6 44.b4 h4 45.Kc6 h6 46.Kc5 h5 47.Kc6  1-0

[Event "HUN-ch"]
[Site "Budapest"]
[Date "1976.??.??"]
[Round "11"]
[White "Sax, Gyula"]
[Black "Petran, Pal"]
[Result "1-0"]
[WhiteElo "2530"]
[BlackElo "2415"]

1.e4 g6 2.d4 Bg7 3.Nc3 d6 4.Nge2 c6 5.g3 Nf6 6.Bg2 O-O 7.a4 Na6 8.O-O e5
9.h3 exd4 10.Nxd4 Re8 11.Re1 Nc5 12.a5 d5 13.exd5 Rxe1+ 14.Qxe1 Nxd5 15.Nxd5 cxd5
16.Be3 Bd7 17.Rd1 Qe8 18.Bxd5 Bxh3 19.Nf3 Ne6 20.Bxb7 a6 21.b4 Bg4 22.Bb6 Rc8
23.b5 Bxf3 24.Bxf3 Qxb5 25.Bd5 Rxc2 26.Bxe6 Re2 27.Rd8+ Bf8 28.Qc3 Rxe6 29.Qc5  1-0

[Event "HUN-ch"]
[Site "Budapest"]
[Date "1976.??.??"]
[Round "12"]
[White "Rigo, Janos"]
[Black "Vadasz, Laszlo"]
[Result "0-1"]
[WhiteElo "2200"]
[BlackElo "2465"]

1.e4 g6 2.d4 Bg7 3.Nc3 d6 4.f4 Nf6 5.Nf3 O-O 6.Bd3 Nc6 7.e5 dxe5 8.fxe5 Nd7
9.Ne4 Nb4 10.Bc4 c5 11.c3 Nc6 12.Bxf7+ Rxf7 13.e6 Rxf3 14.exd7 Rf8 15.dxc8=Q Rxc8
16.d5 Ne5 17.Bg5 h6 18.d6  0-1

[Event "HUN-ch"]
[Site "Budapest"]
[Date "1976.??.??"]
[Round "13"]
[White "Barczay, Laszlo"]
[Black "Petran, Pal"]
[Result "1-0"]
[WhiteElo "2485"]
[BlackElo "2415"]

1.e4 g6 2.d4 Bg7 3.Nc3 d6 4.f4 Nf6 5.Nf3 O-O 6.Bd3 Na6 7.O-O c5 8.d5 Nc7
9.a4 e6 10.dxe6 fxe6 11.e5 Nfd5 12.exd6 Qxd6 13.Ne4 Qe7 14.Ne5 Bd7 15.Nxd7 Qxd7
16.c3 b6 17.Bc2 Qe7 18.Qe2 Rad8 19.Ng5 Bf6 20.Nf3 Ne8 21.Re1 Ng7 22.Bb3 Qc7
23.g3 Rfe8 24.Nd2 Kh8 25.Ne4 Be7 26.Bc4 Rf8 27.Bd2 a5 28.Rad1 Qb7 29.Bc1 Nc7
30.b3 Nd5 31.Bb2 Kg8 32.Nf2 Bf6 33.Ng4 h5 34.Nxf6+ Rxf6 35.Ba6 Qe7 36.c4 Nb4
37.Rxd8+ Qxd8 38.Rd1 Qf8 39.Bb7 Rf7 40.Be4 Nf5 41.Bxf5 exf5 42.Qe6 Kh7 43.Rd6 Qg8
44.Rd8 Rf8 45.Qe7+  1-0

[Event "HUN-ch"]
[Site "Budapest"]
[Date "1976.??.??"]
[Round "14"]
[White "Horvath, Tamas"]
[Black "Petran, Pal"]
[Result "0-1"]
[WhiteElo "2400"]
[BlackElo "2415"]

1.e4 d6 2.d4 g6 3.Nc3 Bg7 4.Nf3 Nf6 5.Bf4 c5 6.dxc5 Qa5 7.Bb5+ Bd7 8.Qd3 dxc5
9.O-O O-O 10.Bxd7 Nbxd7 11.e5 c4 12.Qxc4 Nh5 13.Rfe1 Rac8 14.Qd4 Rfd8 15.Nd5 Nxe5
16.Nxe7+ Kf8 17.Rxe5 Bxe5 18.Qxe5 Qxe5 19.Bxe5 Kxe7 20.Re1 Kf8 21.g4 Ng7
22.c3 Ne6 23.h4 h6 24.Kg2 Rd5 25.Nd4 Nxd4 26.Bxd4 a6 27.b4 Rd7 28.f4 Rc6
29.Kf3 Re6 30.Rxe6 fxe6 31.a4 h5 32.g5 Rd5 33.Ke4 b5 34.a5 Ke7 35.Ke3 Kd6
36.Ke4 Kc6 37.Ke3 e5 38.Bxe5 Rd1 39.Bf6 Kd5 40.f5 gxf5 41.g6 Ke6 42.g7 Rg1
43.Bg5 Kf7 44.Kf4 Rf1+ 45.Ke5 Kxg7 46.Kd5 f4 47.c4 f3 48.Be3 bxc4 49.Kxc4 f2  0-1

[Event "Haifa ol (Men)"]
[Site "Haifa"]
[Date "1976.??.??"]
[Round "?"]
[White "Rantanen, Yrjo A"]
[Black "Jamieson, Robert Murray"]
[Result "1/2-1/2"]
[WhiteElo "2410"]
[BlackElo "2420"]

1.e4 g6 2.d4 Bg7 3.Nc3 d6 4.Be3 c6 5.Qd2 Nf6 6.f3 Qa5 7.Bh6 Bxh6 8.Qxh6 Nbd7
9.Ne2 b5 10.Nc1 b4 11.Nb3 Qh5 12.Qxh5 Nxh5 13.Nd1 a5 14.a3 Bb7 15.axb4 axb4
16.Rxa8+ Bxa8 17.Nf2 O-O 18.Nd3 c5 19.dxc5 dxc5 20.Nbxc5 Nxc5 21.Nxc5 Rc8
22.Nd3 Rxc2 23.Kd1 b3 24.Be2 Bb7 25.Re1 f5 26.exf5 gxf5 27.Nb4 Rc5 28.Bf1 Kf7
29.Re3 Nf4 30.Rxb3 Rc7 31.Rc3 Rd7+ 32.Ke1 e5 33.Nd3 Nxd3+ 34.Rxd3 Rc7 35.Rc3 Rd7
36.Bb5 Re7 37.b4 h5 38.Kf2 h4 39.Be2 f4 40.b5 Kf6 41.b6 Rd7 42.Rb3 Ke7 43.Bd3 Kd6
44.Rc3 Re7 45.h3 Kd5 46.Be4+ Kd4 47.Bxb7 Rxb7 48.Rc6 Kd5 49.Rh6 Kc5 50.Re6 Kd5
51.Rh6 Kc5 52.Rxh4 Rxb6 53.Rh8 Kd5 54.Re8 Rh6 55.Kg1 Rh5 56.Kh2 Kd6 57.Rg8 Ke6
58.Rg4  1/2-1/2

[Event "Haifa ol (Men)"]
[Site "Haifa"]
[Date "1976.??.??"]
[Round "?"]
[White "Benitez, Carlos"]
[Black "Botterill, George Steven"]
[Result "0-1"]
[WhiteElo "2200"]
[BlackElo "2390"]

1.e4 d6 2.d4 g6 3.Nc3 Bg7 4.Nf3 Nf6 5.Be2 O-O 6.O-O Bg4 7.Be3 Nc6 8.Qd2 e5
9.d5 Ne7 10.Ne1 Bxe2 11.Qxe2 c6 12.Rd1 cxd5 13.exd5 a6 14.f4 Nf5 15.fxe5 Ng4
16.Bf4 dxe5 17.Qxg4 exf4 18.Qxf4 Qb6+ 19.Kh1 Ne3 20.Qf2 Qa7 21.Rd3 Nxf1 22.Qxf1 Rad8
23.Qg1 Qxg1+ 24.Kxg1 Rfe8 25.Kf2 Bxc3 26.bxc3 b5 27.Nf3 Re4 28.Rd4 Rxd4 29.cxd4 Rc8  0-1

[Event "Halle 10th (Women)"]
[Site "Halle"]
[Date "1976.??.??"]
[Round "2"]
[White "Mueller, Martina"]
[Black "Worch, Marion"]
[Result "1-0"]
[WhiteElo "2000"]
[BlackElo "2095"]

1.e4 g6 2.d4 Bg7 3.Nc3 d6 4.f4 Nf6 5.Nf3 O-O 6.Bd3 c6 7.O-O b5 8.a3 a6 9.Qe1 Qb6
10.Kh1 Bg4 11.h3 Bxf3 12.Rxf3 e5 13.dxe5 dxe5 14.fxe5 Nfd7 15.Be3 Qc7 16.e6 fxe6
17.Rxf8+ Nxf8 18.Qf2 Nbd7 19.Rf1 Ne5 20.Qg3 Nfd7 21.Ne2 c5 22.c4 Qc6 23.Bc1 bxc4
24.Bc2 Nf7 25.Nf4 Nde5 26.h4 Rd8 27.Qh3 Rd6 28.h5 g5 29.h6 Bxh6 30.Nh5 Bg7
31.Nxg7 Kxg7 32.Qg3 h6 33.Bf4 Nd3 34.Bxd6 Nxd6 35.Bxd3 cxd3 36.Qe5+ Kh7 37.Rf8 Qxe4
38.Qh8+ Kg6 39.Rf6+  1-0

[Event "Halle 10th (Women)"]
[Site "Halle"]
[Date "1976.??.??"]
[Round "4"]
[White "Hofmann, Brigitte"]
[Black "Worch, Marion"]
[Result "1-0"]
[WhiteElo "2185"]
[BlackElo "2095"]

1.e4 g6 2.d4 Bg7 3.Nc3 d6 4.f4 Nf6 5.Nf3 O-O 6.Bd3 Nc6 7.e5 dxe5 8.fxe5 Ng4
9.Be4 f6 10.Bd5+ Kh8 11.h3 Nh6 12.Bxc6 bxc6 13.O-O Rb8 14.Re1 fxe5 15.Nxe5 Qd6
16.Ne4 Qe6 17.c3 Nf7 18.Nxf7+ Qxf7 19.Qe2 e5 20.dxe5 Rb5 21.Ng5 Qe7 22.Nf3 Bf5
23.c4 Rb7 24.Kh1 Qb4 25.b3 Qe7 26.Bg5 Qc5 27.Rad1 Re8 28.Bf6 Qf8 29.Bxg7+ Kxg7
30.Nd4 c5 31.Nxf5+ Qxf5 32.Rf1 Qe6 33.Rd5 Qe7 34.Qf2 Rb6 35.Qd2 Kg8 36.Rd7 Qxe5
37.Qh6 Qh8 38.Qf4  1-0

[Event "Halle 10th (Women)"]
[Site "Halle"]
[Date "1976.??.??"]
[Round "6"]
[White "Zahorovska, Renata"]
[Black "Worch, Marion"]
[Result "0-1"]
[WhiteElo "2000"]
[BlackElo "2095"]

1.e4 g6 2.d4 Bg7 3.Nc3 d6 4.f4 Nf6 5.Nf3 O-O 6.Be2 c5 7.dxc5 Qa5 8.O-O Qxc5+
9.Kh1 Nbd7 10.Nd2 a6 11.Nb3 Qc7 12.a4 b6 13.Bf3 Bb7 14.Qe2 Rab8 15.Be3 Rfc8
16.g3 Qc4 17.Qg2 Ba8 18.Rfd1 Qc7 19.Bd4 e5 20.Be3 Re8 21.Qd2 Bf8 22.Nd5 Nxd5
23.exd5 Bg7 24.c3 Nf6 25.fxe5 Rxe5 26.Bf4 Bxd5 27.Bxd5 Rxd5  0-1

[Event "Halle 10th (Women)"]
[Site "Halle"]
[Date "1976.??.??"]
[Round "12"]
[White "Porubszky Angyalosine, Maria A"]
[Black "Worch, Marion"]
[Result "1/2-1/2"]
[WhiteElo "2155"]
[BlackElo "2095"]

1.e4 g6 2.d4 Bg7 3.Nc3 d6 4.g3 e5 5.dxe5 dxe5 6.Qxd8+ Kxd8 7.Bg5+ f6 8.O-O-O+ Nd7
9.Be3 c6 10.a4 Nh6 11.Be2 Kc7 12.h4 Nf7 13.h5 Nd6 14.hxg6 hxg6 15.Rxh8 Bxh8
16.Nf3 b6 17.Rh1 Bg7 18.Nh4 Nf8 19.f4 Be6 20.b3 f5  1/2-1/2

[Event "Kallithea"]
[Site "Kallithea"]
[Date "1976.??.??"]
[Round "3"]
[White "Lengyel, Bela"]
[Black "Trikaliotis, Georgios"]
[Result "1/2-1/2"]
[WhiteElo "2300"]
[BlackElo "2215"]

1.e4 d6 2.d4 g6 3.Nc3 Bg7 4.Nf3 Nf6 5.Be2 O-O 6.O-O Bg4 7.Be3 c6 8.h3 Bxf3
9.Bxf3 Nbd7 10.Qd2 Qc7 11.a4 a5 12.Rad1 Rfd8 13.Qe2 Rac8 14.g3 Nf8 15.Bg2 e5
16.f4 Nh5 17.Kh2 Ne6 18.fxe5 dxe5 19.d5 Nd4 20.Qf2 f5 21.exf5 gxf5 22.Bg5 Rf8
23.dxc6 bxc6 24.Bh4 Rb8 25.b3 Rbe8 26.Kh1 Kh8 27.Rfe1 f4 28.g4 f3 29.Bf1 Nf4
30.Ne4 Ng2 31.Bxg2 fxg2+ 32.Qxg2 Nf3 33.Bg3 Nxe1 34.Rxe1 Qd7 35.Nd2 Qd5 36.Re4 Bh6
37.Nc4 Bf4 38.Be1 Rg8 39.Bc3 Rg7 40.Re2 Kg8 41.Nxa5  1/2-1/2

[Event "ENG-URS m"]
[Site "London"]
[Date "1976.??.??"]
[Round "?"]
[White "Taimanov, Mark E"]
[Black "Goodman, David SC"]
[Result "1-0"]
[WhiteElo "2540"]
[BlackElo "2230"]

1.e4 d6 2.d4 g6 3.Nc3 Bg7 4.Nf3 Nf6 5.Be2 O-O 6.O-O a6 7.a4 b6 8.Re1 Bb7
9.Bf1 e6 10.Ra3 h6 11.Bf4 Nh5 12.Be3 c5 13.dxc5 bxc5 14.Qd2 Qc7 15.Bxh6 Nc6
16.Bxg7 Kxg7 17.Ne2 Na5 18.Nf4 Nf6 19.Ng5 Rae8 20.Rg3 Bc8 21.Qc3 e5 22.Nd5 Nxd5
23.exd5 Bb7 24.b4  1-0

[Event "Lone Pine"]
[Site "Lone Pine"]
[Date "1976.??.??"]
[Round "3"]
[White "Jones, Charles B"]
[Black "Forintos, Gyozo V"]
[Result "0-1"]
[WhiteElo "2200"]
[BlackElo "2490"]

1.e4 g6 2.d4 Bg7 3.Nc3 d6 4.Nf3 Nf6 5.Be2 O-O 6.O-O c6 7.a4 a5 8.h3 Na6 9.Re1 Qc7
10.Bf4 Nh5 11.Bg5 e5 12.Qd2 Re8 13.Bc4 Nb4 14.Re2 Nf6 15.Rd1 Be6 16.Bxe6 Rxe6
17.d5 cxd5 18.Bxf6 Bxf6 19.Nxd5 Nxd5 20.Qxd5 Qc6 21.Rd3 Bd8 22.Red2 Ra6 23.Kf1 Kg7
24.b3 Qc8 25.c4 Rc6 26.Rc3 h6 27.Ne1 Bb6 28.Rcc2 Qc7 29.Qd3 Bc5 30.Rd1 Qb6
31.Qg3 Rf6 32.Rd3 Rf4 33.Re2 h5 34.Nf3 Qd8 35.Nxe5 Qf6 36.Nxc6 h4 37.Qxf4 Qxf4
38.Ne7 Qh2 39.Re1 Qh1+ 40.Ke2 Qxg2 41.Rf3 Qh2 42.Nd5 g5 43.Ne3 Qe5 44.Rd1 Qxe4
45.Rd3 f5  0-1

[Event "Lone Pine"]
[Site "Lone Pine"]
[Date "1976.??.??"]
[Round "5"]
[White "Strauss, David J"]
[Black "Tisdall, Jonathan D"]
[Result "1-0"]
[WhiteElo "2300"]
[BlackElo "2390"]

1.e4 g6 2.d4 d6 3.Nc3 Bg7 4.f4 Nd7 5.Nf3 c5 6.Be3 Ngf6 7.dxc5 Qa5 8.Qd2 Nxc5
9.e5 dxe5 10.b4 Qxb4 11.Rb1 Nfe4 12.Rxb4 Nxd2 13.Kxd2 Ne6 14.Bb5+ Bd7 15.Bxd7+ Kxd7
16.Nxe5+ Ke8 17.Rxb7 g5 18.g3  1-0

[Event "Novi Sad"]
[Site "Novi Sad"]
[Date "1976.??.??"]
[Round "?"]
[White "Matulovic, Milan"]
[Black "Sigurjonsson, Gudmundur"]
[Result "0-1"]
[WhiteElo "2505"]
[BlackElo "2530"]

1.e4 g6 2.d4 Bg7 3.Nc3 d6 4.Nf3 Nf6 5.Be2 O-O 6.O-O Nbd7 7.e5 Ne8 8.e6 fxe6
9.Ng5 Ndf6 10.Bc4 d5 11.Bd3 c5 12.dxc5 e5 13.Re1 Qc7 14.Nb5 Qxc5 15.Rxe5 Ng4
16.Be3 Qc6 17.Rxe7 Bf6 18.Nxa7 Rxa7 19.Bxa7 Bxe7 20.Nf3 b6 21.Bb8 Nd6 22.h3 Nf6
23.c3 Qb7 24.Bxd6 Bxd6 25.Qb3 Kg7 26.Re1 Nh5 27.Nd4 Qf7 28.Nf3 Nf4 29.Qxb6 Nxg2
30.Qxd6 Nxe1 31.Qe5+ Kg8 32.Nxe1 Re8 33.Qxe8+ Qxe8 34.Nf3 Bxh3 35.Kh2 Bf5
36.Bxf5 gxf5 37.Nd4 Qb8+ 38.Kg2 Qxb2 39.Nxf5 Kf7 40.Ne3 Ke6  0-1

[Event "CSR-ch"]
[Site "Ostrava"]
[Date "1976.??.??"]
[Round "3"]
[White "Privara, Igor"]
[Black "Plachetka, Jan"]
[Result "0-1"]
[WhiteElo "2200"]
[BlackElo "2470"]

1.e4 g6 2.d4 Bg7 3.Nc3 d6 4.Nf3 Nf6 5.Be2 O-O 6.O-O a6 7.a4 Nc6 8.h3 e5 9.d5 Ne7
10.Ne1 Nd7 11.f4 exf4 12.Bxf4 h6 13.Qd2 g5 14.Bh2 Ne5 15.Nf3 Nxf3+ 16.Bxf3 Ng6
17.Rae1 Qf6 18.Nd1 Qd4+ 19.Qxd4 Bxd4+ 20.Kh1 Bd7 21.b3 Rae8 22.Ne3 Bc3 23.Re2 Nf4
24.Bxf4 gxf4 25.Nd1 Be5 26.Nf2 f5 27.Nd3 fxe4 28.Bxe4 Re7 29.Ref2 Bd4 30.Re2 Be3
31.Bg6 Rg7 32.Be4 c5 33.c4 Re8 34.Nf2 b5 35.axb5 axb5 36.Bd3 bxc4 37.bxc4 Ra8
38.Ne4 Ra3 39.Bc2 Bd4 40.Nxd6 f3 41.Rb1 fxg2+  0-1

[Event "CSR-ch"]
[Site "Ostrava"]
[Date "1976.??.??"]
[Round "11"]
[White "Prandstetter, Eduard"]
[Black "Jansa, Vlastimil"]
[Result "1/2-1/2"]
[WhiteElo "2365"]
[BlackElo "2490"]

1.e4 g6 2.d4 Bg7 3.Nc3 d6 4.f4 Nf6 5.Nf3 O-O 6.Bd3 Na6 7.e5 Ne8 8.O-O c5
9.d5 Nac7 10.Bc4 e6 11.dxe6 Bxe6 12.Bxe6 Nxe6 13.Be3 dxe5 14.fxe5 N8c7 15.Qe1 Nd4
16.Rd1 Nce6 17.Ne4 Nxf3+ 18.Rxf3 Qc7 19.Qf2 Rad8 20.Rf1 Qxe5 21.Nxc5 Nd4
22.Bxd4 Qxd4 23.c3 Qxf2+ 24.R3xf2 b6 25.Nb3 f5 26.Re1 Rfe8 27.Kf1 Kf7 28.Rxe8 Kxe8
29.Re2+ Kf7 30.Rd2 Rxd2 31.Nxd2 Bh6 32.Nf3 Bc1 33.b3 Bb2 34.c4 Kf6 35.Ke2 g5
36.Kd3 Be5  1/2-1/2

[Event "CSR-ch"]
[Site "Ostrava"]
[Date "1976.??.??"]
[Round "12"]
[White "Sikora Lerch, Jan"]
[Black "Kubicek, Antonin"]
[Result "1/2-1/2"]
[WhiteElo "2310"]
[BlackElo "2325"]

1.e4 g6 2.d4 Bg7 3.Nc3 d6 4.f4 Nf6 5.Nf3 O-O 6.Be2 c5 7.dxc5 Qa5 8.O-O Qxc5+
9.Kh1 Nc6 10.a3 Rd8 11.Nd5 Nxd5 12.exd5 Nb8 13.c4 b5 14.b4 Qc7 15.Ra2 bxc4
16.Rc2 c3 17.Nd4 Bf5 18.Nxf5 gxf5 19.Qd3 a5 20.Qxf5 Nd7 21.Rf3 axb4 22.axb4 Nf8
23.Qg5 Qb6 24.Rg3 Qd4 25.h4 Ng6 26.h5 h6 27.Qg4 Qe4 28.Rd3 Nf8 29.Rdxc3 Ra1
30.Kh2 f5 31.Qg3 Rb1 32.Bd3 Qxb4 33.Rc4 Qa5 34.Bb2 Rxb2 35.Rxb2 Qxd5 36.Rc7 Qf7
37.Re2 Qxh5+ 38.Kg1 Kh8 39.Qh3 Qxh3 40.gxh3 Bf6 41.Bxf5 Kg7 42.Kh2 Rb8 43.Bd3 d5
44.Rc5 Rb4 45.Rg2+ Kf7 46.f5 Rd4 47.Be2 Be5+ 48.Kh1 Nd7 49.Bh5+ Kf6 50.Rc6+ Bd6
51.Rg6+ Kxf5 52.Rgxd6 exd6 53.Bg4+ Rxg4 54.hxg4+ Kxg4 55.Rxd6 Ne5  1/2-1/2

[Event "CSR-ch"]
[Site "Ostrava"]
[Date "1976.??.??"]
[Round "12"]
[White "Lanc, Alois"]
[Black "Spacek, Petr"]
[Result "1-0"]
[WhiteElo "2360"]
[BlackElo "2225"]

1.e4 g6 2.d4 Bg7 3.Nc3 d6 4.f4 c6 5.Nf3 Bg4 6.Be3 Bxf3 7.Qxf3 Qb6 8.O-O-O Nd7
9.g4 O-O-O 10.h4 Qa5 11.Kb1 h5 12.g5 e6 13.Bh3 Ne7 14.Rhf1 Rhe8 15.Bf2 Nf8
16.Bg3 c5 17.Ne2 d5 18.f5 dxe4 19.Qf4 e5 20.f6+ Ne6 21.Qxe5 Nc6 22.Qxe4 Bf8
23.d5 Nb4 24.a3  1-0

[Event "CSR-ch"]
[Site "Ostrava"]
[Date "1976.??.??"]
[Round "12"]
[White "Privara, Igor"]
[Black "Meduna, Eduard"]
[Result "1-0"]
[WhiteElo "2200"]
[BlackElo "2300"]

1.e4 g6 2.d4 Bg7 3.Nc3 d6 4.Nf3 Nf6 5.Be2 O-O 6.O-O Nc6 7.d5 Nb8 8.Be3 c6
9.Re1 a6 10.a4 a5 11.Qd2 Na6 12.Nd4 Nb4 13.dxc6 bxc6 14.f3 Qc7 15.Bf1 Re8
16.Qf2 Rb8 17.Rad1 e5 18.Nb3 Be6 19.Nc1 d5 20.exd5 cxd5 21.Ba7 Rb7 22.Nb5 Qxc2
23.Qxc2 Nxc2 24.Rxe5 Ra8 25.Re2 Nb4 26.Bf2 Bd7 27.Ree1 Nh5 28.Nb3 Bxb2 29.Rb1 Bxb5
30.axb5 Bf6 31.Nxa5 Rxa5 32.Rxb4 Bc3 33.Re8+ Kg7 34.Rb1 Nf6 35.Rc8 Be5 36.Rc6 g5
37.Re1 Nd7 38.Ra6 Bc3 39.Rc1 Bb4 40.Rc8 Ne5 41.Rca8 Raxb5 42.Bxb5 Rxb5 43.Rb6 Rc5
44.h4 Rc4 45.Be3  1-0

[Event "CSR-ch"]
[Site "Ostrava"]
[Date "1976.??.??"]
[Round "15"]
[White "Prandstetter, Eduard"]
[Black "Kubicek, Antonin"]
[Result "1/2-1/2"]
[WhiteElo "2365"]
[BlackElo "2325"]

1.e4 g6 2.d4 Bg7 3.Nc3 d6 4.f4 a6 5.Nf3 b5 6.Bd3 Bb7 7.O-O Nd7 8.e5 e6 9.a4 b4
10.Ne4 Bxe4 11.Bxe4 d5 12.Bd3 Ne7 13.c3 bxc3 14.bxc3 O-O 15.Qe2 Ra7 16.Ba3 Re8
17.g4 Bh6  1/2-1/2

[Event "URS-ch otbor"]
[Site "Rostov"]
[Date "1976.??.??"]
[Round "?"]
[White "Kupreichik, Viktor D"]
[Black "Gofshtein, Leonid D"]
[Result "1-0"]
[WhiteElo "2490"]
[BlackElo "2200"]

1.e4 g6 2.d4 Bg7 3.Nc3 d6 4.Be3 c6 5.Qd2 b5 6.Bd3 Nd7 7.h4 Ngf6 8.Bh6 Bxh6
9.Qxh6 b4 10.Nd1 c5 11.d5 Ne5 12.Nf3 Neg4 13.Qg5 e6 14.h5 exd5 15.hxg6 dxe4
16.Bb5+ Ke7 17.g7 Rg8 18.Nd2 h6 19.Rxh6 Nxh6 20.Nxe4 Ng4 21.Ne3 Be6 22.Nxg4 Rxg7
23.Qxf6+ Kf8 24.Ne3 Qxf6 25.Nxf6 Rg6 26.Ne4 f5 27.Nxd6 f4 28.Bd3 Rg5 29.Be4 Rd8
30.Nec4  1-0

[Event "URS-ch otbor"]
[Site "Rostov"]
[Date "1976.??.??"]
[Round "?"]
[White "Timoshchenko, Gennadi A"]
[Black "Khasin, Alexander"]
[Result "1-0"]
[WhiteElo "2470"]
[BlackElo "2375"]

1.e4 d6 2.d4 g6 3.Nc3 Bg7 4.f4 Nf6 5.Nf3 O-O 6.Bd3 c5 7.dxc5 dxc5 8.e5 Nd5
9.Nxd5 Qxd5 10.Qe2 Nc6 11.Be4 Qd7 12.c3 b6 13.O-O Bb7 14.Rd1 Qc7 15.e6 f5
16.Rd7 Qc8 17.Bd5 Bf6 18.Ne5 Nd8 19.c4 Bxe5 20.fxe5 Nc6 21.Bh6 Re8 22.Qe3 Rb8
23.Qg5  1-0

[Event "Vitrobud op"]
[Site "Sandomierz"]
[Date "1976.??.??"]
[Round "5"]
[White "Smejkal, Jan"]
[Black "Knaak, Rainer"]
[Result "1-0"]
[WhiteElo "2615"]
[BlackElo "2520"]

1.d4 g6 2.e4 d6 3.Nc3 Bg7 4.f4 Nc6 5.Be3 Nf6 6.Nf3 O-O 7.Be2 Bg4 8.e5 Nd7
9.e6 Nb6 10.exf7+ Kh8 11.Ng5 Bxe2 12.Qxe2 Qd7 13.O-O-O Nd8 14.h4 Nxf7 15.Nxf7+ Rxf7
16.h5 gxh5 17.Rxh5 Rf5 18.Rdh1 h6 19.Rxf5 Qxf5 20.g4 Qf6 21.f5 d5 22.Qh2 Kh7
23.Qxc7 Rc8 24.Qxb7 Qd6 25.g5 Rb8 26.Qa6 Kg8 27.f6 exf6 28.gxf6 Bf8 29.Qxa7  1-0

[Event "Stary Smokovec"]
[Site "Stary Smokovec"]
[Date "1976.??.??"]
[Round "2"]
[White "Treybal, Dusan"]
[Black "Ftacnik, Lubomir"]
[Result "0-1"]
[WhiteElo "2200"]
[BlackElo "2200"]

1.e4 g6 2.d4 Bg7 3.Nc3 d6 4.f4 Nf6 5.Nf3 O-O 6.Bd3 Na6 7.O-O c5 8.d5 Rb8
9.Qe2 Nc7 10.a4 b6 11.Nb5 a6 12.Nxc7 Qxc7 13.c4 e5 14.dxe6 Bxe6 15.f5 Bd7
16.Qf2 Rbe8 17.Qh4 Bc6 18.Re1 Nd7 19.Bh6 f6 20.fxg6 hxg6 21.Re3 Ne5 22.Nxe5 dxe5
23.Bxg7 Kxg7 24.Rf1 Qd6 25.Rg3 Rh8 26.Qg4 Rh6 27.b3 Bd7 28.Qe2 Qd4+ 29.Kh1 Reh8
30.h3 Bxh3 31.gxh3 Rxh3+ 32.Kg2 Rh2+ 33.Kf3 Rxe2 34.Bxe2 Rh4  0-1

[Event "SWE-ch"]
[Site "SWE"]
[Date "1976.??.??"]
[Round "?"]
[White "Hansson, Dan"]
[Black "Schussler, Harry"]
[Result "0-1"]
[WhiteElo "2290"]
[BlackElo "2200"]

1.e4 g6 2.d4 Bg7 3.Nc3 d6 4.Be2 Nf6 5.Nf3 O-O 6.O-O c6 7.a4 Nbd7 8.e5 Ne8
9.Bf4 dxe5 10.dxe5 Nc7 11.Qc1 Ne6 12.Bh6 Qb6 13.a5 Bxh6 14.Qxh6 Qxb2 15.Ne4 Re8
16.Rab1 Qxc2 17.Neg5 Ndf8 18.Rb4 Nxg5 19.Nxg5 Qxe2 20.Rh4 Qxe5 21.Nxh7 Qg7  0-1

[Event "SWE-ch"]
[Site "SWE"]
[Date "1976.??.??"]
[Round "?"]
[White "Bengtsson, Bo"]
[Black "Lekander, Rolf"]
[Result "1/2-1/2"]
[WhiteElo "2410"]
[BlackElo "2305"]

1.e4 g6 2.d4 Bg7 3.Nc3 d6 4.f4 Nf6 5.Nf3 c5 6.Bb5+ Bd7 7.Bxd7+ Qxd7 8.d5 Na6
9.O-O O-O 10.Qe2 Rad8 11.Rd1 Nc7  1/2-1/2

[Event "SWE-ch"]
[Site "SWE"]
[Date "1976.??.??"]
[Round "?"]
[White "Bengtsson, Bo"]
[Black "Wedberg, Tom"]
[Result "0-1"]
[WhiteElo "2410"]
[BlackElo "2305"]

1.e4 g6 2.d4 Bg7 3.Nc3 d6 4.f4 Nf6 5.Nf3 O-O 6.Bd3 Nc6 7.O-O Bg4 8.e5 dxe5
9.dxe5 Nd5 10.h3 Nxc3 11.bxc3 Bf5 12.Be3 Bxd3 13.cxd3 Qd7 14.Qe2 Na5 15.d4 b5
16.Nh4 f5 17.a4 a6 18.axb5 axb5 19.Nf3 Nc4 20.Nd2 Nxd2 21.Qxd2 Qd5 22.Qc2 c6
23.Rfb1 Kf7 24.Kf2 Qc4 25.Rxa8 Rxa8 26.Kg3 Ra2 27.Rb2 Ra3 28.Rb4 Qxc3 29.Qxc3 Rxc3
30.Kf2 Rc2+ 31.Kf3 e6 32.g4 Bf8 33.Rb1 b4 34.Bf2 Rc4 35.Ra1 Rc3+ 36.Kg2 b3
37.Ra7+ Kg8 38.Rb7 Ba3 39.Rb8+ Kf7 40.Rb7+ Ke8 41.gxf5 gxf5  0-1

[Event "SWE-ch"]
[Site "SWE"]
[Date "1976.??.??"]
[Round "?"]
[White "Schneider, Lars Ake"]
[Black "Wedberg, Tom"]
[Result "1-0"]
[WhiteElo "2365"]
[BlackElo "2305"]

1.e4 g6 2.d4 d6 3.Nc3 Bg7 4.g3 Nc6 5.d5 Nd4 6.Be3 c5 7.Qd2 Bd7 8.Bg2 b5 9.Nd1 b4
10.c4 bxc3 11.bxc3 Nb5 12.Ne2 Na3 13.O-O Nc4 14.Qd3 Rb8 15.a4 Ne5 16.Qc2 Nf6
17.f4 Nc4 18.e5 dxe5 19.fxe5 Nxe5 20.Bxc5 Qc7 21.Bd4 O-O 22.Ne3 Nfg4 23.Nxg4 Nxg4
24.Bxg7 Kxg7 25.Qe4 Qc5+ 26.Qd4+ Qxd4+ 27.Nxd4 Ne3 28.Rfe1 Nxg2 29.Rxe7 Bh3
30.d6 Rfe8 31.Nc6 Rbc8 32.Rf1 Rxe7 33.dxe7 Ne3 34.Nd8 Bd7 35.Rxf7+ Kh6 36.Rf8 Nd5
37.Nf7+ Kg7 38.Rxc8 Kxf7 39.Rh8 Kxe7 40.Rxh7+ Kd6 41.a5 a6 42.h4 Nf6 43.Rg7 Bf5
44.Rb7 Nd5 45.c4 Nc7 46.Kf2 Kc6 47.Rb6+ Kc5 48.Kf3 Ne8 49.g4 Bd3 50.Ke3 Bc2
51.Rxa6 Nd6 52.Kf4 Nxc4 53.Kg5 Ne5 54.Re6 Nxg4 55.a6 Bb3 56.a7 Bd5 57.Ra6  1-0